000 00417nam a2200169Ia 4500
008 210210b2003 xxu||||| |||| 00| 0 eng d
020 _a81 219 0403 X
082 _a342 PYLI
100 _aPYLEE (M V).
245 _aIndia's constitution. Ed 10
250 _a
260 _aND
_bS. Chand & Co. Ltd.
_c2003
300 _ax,468
650 _aIndian constitution
690 _aIndian Constitution
906 _a059190
999 _c106521
_d106521